Statistics for Links Quiz

Click here to take the quiz!

General Stats

  • This quiz has been taken 29 times
  • The average score is 10 of 18

Answer Stats

HintAnswer% Correct
Huge social media site beginning with the same letterTwitter
92%
This pumps what around the bodyBlood
79%
What is the logo of this siteBird
75%
What colour is this fluid normally depicted asRed
71%
Which continent is the only one where this creature is found in the wildAfrica
63%
He pities the foolsMr. T
63%
Largest type of this animalOstrich
63%
Which colour features on this country's flag mostGreen
58%
Largest country featuring this colour on its flagRussia
58%
The cover for this album features a grenade pictured as whatA Heart
54%
Punk rock band with this colour in their nameGreen Day
50%
Country on this continent with the highest populationNigeria
46%
Which other country has a city with this nameUnited Kingdom
42%
National anthem of this countryGod Save the Queen
38%
Has the longest land border with this countryKazakhstan
38%
Capital of this statePerth
38%
Australian state with similar areaWestern Australia
38%
Probably the most well known album by this bandAmerican Idiot
17%

Score Distribution

Percentile by Number Answered

Percent of People with Each Score

Your Score History

You have not taken this quiz